000 00557nam a2200229Ia 4500
003 OSt
005 20220924153740.0
006 a|||||r|||| 00| 0
007 ta
008 220923b |||||||| |||| 00| 0 tam d
024 _a351500
037 _cTextual
040 _aARTS
_cARTS
_btam
041 _2tam
_atam
082 _aP31, 31N9
100 _aArulraj V.S. Ed.
_9229664
245 0 _aAayvu malerkal
260 _c1999
650 _aLINGUISTICS
942 _hP31, 31N9
_cTEXL
_2CC
999 _c474668
_d474668